| Tag |
First Indicator |
Second Indicator |
Subfields |
| LEADER |
00000cam a2200000 i 4500 |
| 001 |
in00003289708 |
| 005 |
20210926182118.0 |
| 006 |
m o d f |
| 007 |
cr ||||||||||| |
| 008 |
130426s2013 dcu oz f000 0 eng c |
| 035 |
|
|
|a (OCoLC)ocn840921215
|
| 042 |
|
|
|a pcc
|
| 043 |
|
|
|a n-us---
|a a-ko---
|
| 040 |
|
|
|a GPO
|b eng
|e rda
|c GPO
|d MvI
|
| 049 |
|
|
|a WWW
|
| 074 |
|
|
|a 0899-A-01 (online)
|
| 086 |
0 |
|
|a S 9.10:07-313
|
| 110 |
1 |
|
|a United States,
|e author.
|
| 240 |
1 |
0 |
|a Treaties, etc.
|g Korea (South),
|d 1998 June 9 (Aviation transport services).
|k Protocols, etc.,
|d 2007 February 27
|
| 245 |
1 |
0 |
|a Civil aviation :
|b transport services : agreement between the United States of America and Korea amending the agreement of June 9, 1998, effected by exchange of notes at Seoul, February 27 and March 13, 2007.
|
| 246 |
3 |
0 |
|a Agreement between the United States of America and Korea amending the agreement of June 9, 1998, effected by exchange of notes at Seoul, February 27 and March 13, 2007
|
| 264 |
|
1 |
|a [Washington, D.C.] :
|b United States Department of State,
|c [2013?]
|
| 300 |
|
|
|a 1 online resource (6 unnumbered pages).
|
| 336 |
|
|
|a text
|b txt
|2 rdacontent
|
| 337 |
|
|
|a computer
|b c
|2 rdamedia
|
| 338 |
|
|
|a online resource
|b cr
|2 rdacarrier
|
| 490 |
1 |
|
|a Treaties and other international acts series ;
|v 07-313
|
| 500 |
|
|
|a Title from title screen (viewed on April 26, 2013).
|
| 650 |
|
0 |
|a Aeronautics, Commercial
|x Law and legislation
|z United States.
|
| 650 |
|
0 |
|a Aeronautics, Commercial
|x Law and legislation
|z Korea (South)
|
| 650 |
|
0 |
|a Aeronautics, Commercial
|x International cooperation.
|
| 710 |
1 |
|
|a Korea (South),
|e author.
|
| 710 |
1 |
|
|a United States.
|b Department of State,
|e issuing body.
|
| 830 |
|
0 |
|a Treaties and other international acts series ;
|v 07-313.
|
| 856 |
4 |
0 |
|u https://purl.fdlp.gov/GPO/gpo36253
|t 0
|
| 999 |
f |
f |
|s a3262d48-bed0-3591-8324-398d140e9c0e
|i 428525f3-8221-399b-942b-5e2d95986906
|t 0
|
| 952 |
f |
f |
|a Texas A&M University
|b College Station
|c Electronic Resources
|d Available Online
|t 0
|e S 9.10:07-313
|h Superintendent of Documents classification
|
| 998 |
f |
f |
|a S 9.10:07-313
|t 0
|l Available Online
|